British Overseas Territories Quiz Stats

 Plays Quiz not verified by Sporcle

Challenge
Share
Tweet
Embed
Score 0/16 Timer 08:00
0 Plays Today
Country % Correct
Falkland Islands
85.1%
Bermuda
82.4%
Gibraltar
80%
British Virgin Islands
77.9%
Saint Helena
69.1%
British Indian Ocean Territory
68.9%
Cayman Islands
68.1%
Pitcairn Islands
67.2%
Country % Correct
Anguilla
63.9%
Turks and Caicos Islands
63.9%
Montserrat
60.7%
British Antarctic Territory
60.7%
South Georgia and the South Sandwich Islands
59.5%
Ascension Island
52.9%
Sovereign Base Areas of Cyprus
50.8%
Tristan da Cunha
43.7%

You're not logged in!

Compare scores with friends on all Sporcle quizzes.
Join for Free
OR
Log In

You Might Also Like...

Show Comments

Extras

Top Quizzes Today


Score Distribution

Your Account Isn't Verified!

In order to create a playlist on Sporcle, you need to verify the email address you used during registration. Go to your Sporcle Settings to finish the process.

Report this User

Report this user for behavior that violates our Community Guidelines.

Details: